| 000 | 00806nam a22002177a 4500 | ||
|---|---|---|---|
| 999 |
_c175130 _d175130 |
||
| 005 | 20200810115657.0 | ||
| 010 | _aB-732618 | ||
| 020 |
_a9789351791515 _c125.00 |
||
| 035 | _aB-732618 | ||
| 037 |
_bDBAD/PUB _adpl |
||
| 082 | _a204 | ||
| 100 | _aWahiduddin Khan | ||
| 245 |
_aLeading a spiritual life / _cby Wahiduddin Khan ; edited by Maria Khan |
||
| 260 |
_aNew Delhi _bGoodword Books _c2019 |
||
| 270 |
_a1, Nizamuddin West Market _bNew Delhi _e110013 |
||
| 300 |
_a391p. _c19cm(pbk) |
||
| 500 | _aA spiritual person is like the flowers that can live with fragrance in the neighbourhood of thorns | ||
| 700 | _aMaria Khan | ||
| 942 |
_2ddc _cEN _h204 _mWAH |
||